Culture Générale - Série 2216 - Statistiques

Statistiques générales
  • Ce quiz a été pris 134 fois
  • Le résultat moyen est 7 sur 10
Statistiques - réponses
Question Réponse % Correct
De quel pays le cèdre est-il le symbole ? voir drapeau Liban
96%
Quel est est l’animal terrestre le plus rapide au monde ? guépard
91%
Quel nom porte le serment prêté par les jeunes médecins au début de leurs carrières ? Hippocrate
82%
Quel pays possède la plus grande superficie de forêts ? Russie
79%
Quel nom a été donné à la brebis, 1er animal cloné en 1996 ? Dolly
76%
Quel est le plus grand pays exportateur d’arbres de Noël au monde ? Canada
75%
A quel navigateur navigateur italien l’Amérique du Sud doit-elle son nom ? prénom et nom Amerigo Vespucci
65%
Dans quel pays peut-on admirer la plus haute chute d'eau du monde (979 m) "les chutes de l'ange" (Salto àngel) ? Venezuela
58%
Dans les zones tropicales, comment appelle-t-on une forêt d'arbres poussant au bord ou dans l'eau saline ? mangrove
54%
Contre quelle maladie Edward Jenner a-t-il découvert un vaccin ? variole
36%
Aucun quiz correspondant
Distribution des résultats
% des personnes avec chaque résultat
Percentile par nombre de réponses
Votre historique - résultats
Vous n’avez pas pris ce quiz